| 000 | 00351nam a22001337a 4500 | ||
|---|---|---|---|
| 020 | _qPB. | ||
| 040 | _cFizza Ishaq | ||
| 082 |
_a346.41 _bKAR |
||
| 100 |
_aKarapapa, Stavroula. _9129838 |
||
| 245 |
_aIntellectual Property Law / _cStavroula Karapapa. |
||
| 260 |
_aLondon : _bOxford University Press, _c2019. |
||
| 300 | _a639 P. ; | ||
| 942 |
_2ddc _cBK |
||
| 999 |
_c614367 _d614367 |
||